000 00386cam a22001097a 4500
008 180718b1967 xxu||||| |||| 00| 0 eng d
082 _aB6x5442 M278 W
245 _aWorking of the sachivalaya
_cby Administrative College of Maharashtra State
260 _aBombay
_bAdministrative College of Maharashtra State
_c1967
300 _a61p.
700 _aAdministrative College of Maharashtra State
999 _c488437
_d488437